Boundary eigenvalue problems /

Guardado en:
Autor Principal: Mennicken, Reinhard.
Autor Corporativo: Instituto de Matemática. INMABB. UNS. CONICET.
Otros Autores: Möller, Manfred, Dr. rer. nat. habil.
Formato: Libro
Idioma:English
Publicado: Bahía Blanca, Argentina : INMABB-CONICET, Universidad Nacional del Sur, 1986.
Series:Notas de álgebra y análisis (Instituto de Matemática, Universidad Nacional del Sur) ; 14
Materias:
Acceso en línea:Texto escaneado (PDF)
Etiquetas: Agregar Etiqueta
Sin Etiquetas, Sea el primero en etiquetar este registro!
LEADER 01016cam a2200241 a 4500
001 MAT.inmabb006413
008 870130s1986####ag#######b###f000#0#eng##
005 20151030114837.0
245 1 0 |a Boundary eigenvalue problems /  |c Reinhard Mennicken and Manfred Möller. 
260 |a Bahía Blanca, Argentina :  |b INMABB-CONICET, Universidad Nacional del Sur,  |c 1986. 
300 |a 100 p. ;  |c 26 cm. 
490 1 |a Notas de álgebra y ánalisis,  |x 0078-2009 ;  |v 14 
504 |a Bibliografía: p. 97-100. 
510 4 |a MR,  |c 88c:34003 
100 1 |a Mennicken, Reinhard. 
700 1 |a Möller, Manfred,  |c Dr. rer. nat. habil. 
710 2 |a Instituto de Matemática. INMABB. UNS. CONICET. 
830 0 |a Notas de álgebra y análisis (Instituto de Matemática, Universidad Nacional del Sur) ;  |v 14 
650 0 |a Boundary value problems. 
650 0 |a Eigenvalues. 
084 |a 34-02 (34B05 34B25 34B27 47E05)  |2 MR 
856 4 1 |u http://inmabb-conicet.gob.ar/publicaciones/naa/naa-14.pdf  |y Texto escaneado (PDF) 
859 |p B-899  |b BIB. MATEMATICA